| 000 | 00451 a2200169 4500 | ||
|---|---|---|---|
| 001 | 188669 | ||
| 020 | _a85-06-04284-4 | ||
| 040 | _cMagnum | ||
| 100 | _aLamb, Kathryn | ||
| 240 | 1 | 0 |
_aNossa! garotas são de saturno, garotos são de jupiter... _lpor |
| 245 | 1 | 0 | _aNossa! garotas são de saturno, garotos são de jupiter... |
| 300 | _a160 | ||
| 362 | 0 | _a2004 | |
| 440 | 1 | _aMelhoramentos | |
| 697 | _aLITERATURA JUVENIL ESTRANGEIRA | ||
| 942 | _cBK | ||
| 999 |
_c188669 _d188669 |
||